[Event "Malakhatko Memorial op"]
[Site "Chess.com INT"]
[Date "2023.06.14"]
[Round "9"]
[White "Prozhoha, Roman"]
[Black "Kryvenko, Daryna"]
[Result "0-1"]
[WhiteElo "1665"]
[BlackElo "1824"]
[PlyCount "38"]
[EventDate "2023.06.14"]
[EventType "swiss (blitz)"]
[EventRounds "11"]
[EventCountry "USA"]
[SourceTitle "CBM 214 Extra"]
[Source "ChessBase"]
[SourceDate "2023.07.31"]
[SourceVersion "1"]
[SourceVersionDate "2023.07.31"]
[SourceQuality "1"]

1. e4 g6 2. d4 Bg7 3. Nc3 d6 4. Be3 Nd7 5. f3 e5 6. d5 h5 7. Qd2 Nh6 8. Nge2 f6 9. h4 Nf7 10. Ng3 c6 11. f4 Qc7 12. fxe5 Ndxe5 13. Be2 Bg4 14. dxc6 bxc6 15. 0-0 0-0 16. Bxg4 Nxg4 17. Bd4 d5 18. exd5 Qxg3 19. Bxf6 Qh2# 0-1

[Event "Kiev Spring op"]
[Site "Kiev"]
[Date "2023.03.29"]
[Round "6"]
[White "Syrytsia, Ehor"]
[Black "Prozhoha, Roman"]
[Result "1/2-1/2"]
[WhiteElo "1494"]
[BlackElo "1788"]
[PlyCount "95"]
[EventDate "2023.03.25"]
[EventType "swiss"]
[EventRounds "9"]
[EventCountry "UKR"]
[SourceTitle "EXT 2024"]
[Source "ChessBase"]
[SourceDate "2023.10.10"]
[SourceVersion "1"]
[SourceVersionDate "2023.10.10"]
[SourceQuality "1"]

1. e4 c6 2. d4 d5 3. exd5 cxd5 4. Nf3 Nc6 5. c3 Nf6 6. Bd3 Bg4 7. h3 Bh5 8. Bf4 e6 9. Nbd2 Bd6 10. Bxd6 Qxd6 11. 0-0 a6 12. Re1 0-0 13. Qb3 Ne7 14. Ne5 Bg6 15. Bxg6 Nxg6 16. Rab1 Nd7 17. Ndf3 Ngxe5 18. Nxe5 Nxe5 19. Rxe5 Rab8 20. a3 b5 21. Qb4 Qb6 22. Qc5 Rfc8 23. Qxb6 Rxb6 24. f4 f6 25. Re3 Kf7 26. Rbe1 Rc7 27. R1e2 a5 28. Kh2 b4 29. axb4 axb4 30. g4 bxc3 31. bxc3 Rbc6 32. Kg2 Rxc3 33. Rxe6 Rc2 34. f5 Rxe2+ 35. Rxe2 Rc4 36. Ra2 h6 37. Rd2 Rc3 38. Ra2 Rd3 39. Ra7+ Kg8 40. Ra8+ Kh7 41. Ra4 h5 42. gxh5 Kh6 43. Ra7 Rxd4 44. Rd7 Rd3 45. Kh2 d4 46. Kg2 Rd2+ 47. Kg3 Rd1 48. Kh4 1/2-1/2